000 01229nam a2200337Ia 4500
001 Z_6345
003 CHAP
005 20231016114952.0
008 220113s2012 xx 000 0 und d
010 _a169601
040 _cCHAP
090 _aTesis R85 2232
100 _aRuiz Rodríguez, Elvira
_9100771
245 _aProblemática y vialidad económica de la acuacultura y pesca. Estudio de caso Guanajuato /
_cElvira Ruiz Rodríguez
260 _aMéxico :
_bEl autor,
_c2012
300 _a63 p.
502 _aTesis ( Ingeniero Agrónomo Especialista en Zootecnia )-- UACh, 2012 \ Dirección: Leticia Myriam Sagarnaga Villegas; asesoría: María del Socorro Salazar Bustos y José María Salas González
650 _aAcuacultura
_9138623
650 _aPesca
_987351
650 _aProblemática
_9143686
650 _aViabilidad
_9144511
700 _a Salas González, José María, asesor
_9144512
700 _a Salazar Bustos, María del Socorro, asesor
_9144513
700 _aSagarnaga Villegas, Leticia Myriam, director
_9143505
856 4 2 _uhttp://10.13.5.2/tesis/115107.pdf
_yDescargar PDF
901 _aTESIS R85 2232
902 _aM
910 _a2012
942 _c2
_2ddc
942 _c2
_2ddc
999 _c169601
_d169601